000 01285nam a2200397 c 4500
999 _c50786
_d50786
001 50786
003 ES-MaCES
005 20190510104326.0
008 180613s2009 sp o000 | spa d
017 _aM 20451-2009
_bDL
020 _a9788437625782
040 _aES-MaCES
_bspa
_cES-MaCES
245 0 3 _aEl movimiento feminista en España en los años 70
_cCarmen Martínez Ten, Purificación Gutiérrez López, Pilar González Ruiz (eds.) ; autores, Inés Alberdi ... [et al.]
250 _a1ª ed
260 _aMadrid
_bFundación Pablo Iglesias
260 _bCátedra
_b2009
300 _a410 p.
_c21 cm
490 1 _aFeminismos
541 _cGratuito
650 4 _afeminismo
_931029
650 4 _amujeres
_928657
650 4 _aderechos de la mujer
_927173
650 4 _amovimiento social
_927313
650 4 _aEspaña
_926964
650 4 _930940
_a1970-1980
650 4 _927251
_ahistoria
653 1 0 _aMujer
700 1 _aMartínez Ten, Carmen
_917927
_eed. lit.
700 1 _aGutiérrez López, Purificación
_939149
_eed. lit.
700 1 _aGonzález Ruiz, Pilar
_913899
_eed. lit.
700 1 _aAlberdi, Inés
_95792
710 2 _93868
_aFundación Pablo Iglesias
_eed.
830 0 _aFeminismos
_933280
902 _aLIB Libro
942 _2CES
_cBK
_h3.3.